Czynności podczas gotowania po angielsku - Statystyki

Ogólne statystyki
  • Ten quiz został rozwiązany 20 razy
  • Średni wynik to 8 z 20
Statystyki odpowiedzi
Słowo Tłumaczenie % Poprawnych
piec (ciasto, chleb) bake
90%
mieszać mix
80%
obierać peel
80%
smażyć fry
70%
gotować boil
60%
siekać chop
60%
piec na grillu grill
60%
piec (mięso, ziemniaki) roast
40%
trzeć grate
30%
ugniatać knead
30%
lać pour
30%
wałkować roll
30%
kroić w plasterki slice
30%
gotować na parze steam
30%
mieszać stir
30%
wyciskać squeeze
20%
ubijać whisk
20%
gotować na wolnym ogniu simmer
10%
smarować spread
10%
gotować we wrzątku poach
0%
Nie znaleziono quizów pasujących do podanych kryteriów
Rozkład punktacji
Procent ludzi z każdym wynikiem
Percentyl według liczby udzielonych odpowiedzi
Twoja historia wyników
Nie rozwiązałeś tego quizu